Triple J Hottest 100, Songs of 1996 - Statistics

General Stats
  • This quiz has been taken 89 times
  • The average score is 25 of 100
Answer Stats
# Country of Origin Song Artist % Correct
13 USA 1979 The Smashing Pumpkins
80%
28 USA Zero The Smashing Pumpkins
80%
55 USA Tonight, Tonight The Smashing Pumpkins
80%
35 USA Killing Me Softly Fugees
70%
25 USA Just a Girl No Doubt
69%
33 USA California Love 2Pac
68%
51 USA Only Happy When It Rains Garbage
63%
40 USA/UK Milk (The Wicked Mix) Garbage featuring Tricky
63%
5 UK Glycerine Bush
61%
19 UK Swallowed Bush
61%
38 UK Comedown Bush
61%
46 USA Bulls on Parade Rage Against the Machine
56%
7 UK Breathe The Prodigy
56%
17 UK Firestarter The Prodigy
56%
27 USA The Distance Cake
48%
53 Iceland Hyperballad Björk
45%
29 USA Devils Haircut Beck
44%
43 USA Where It's At Beck
44%
47 USA Hail, Hail Pearl Jam
44%
90 USA Leaving Here Pearl Jam
44%
94 USA Mankind Pearl Jam
44%
71 UK Disco 2000 Pulp
41%
44 Ireland Salvation The Cranberries
41%
12 UK Born Slippy .NUXX Underworld
39%
45 USA Aneurysm Nirvana
38%
77 USA Burden in My Hand Soundgarden
38%
37 UK Virtual Insanity Jamiroquai
37%
52 USA Until It Sleeps Metallica
37%
62 USA Hero of the Day Metallica
37%
24 USA Santa Monica Everclear
34%
58 USA Heartspark Dollarsign Everclear
34%
99 UK Ready to Go Republica
34%
78 New Zealand How Bizarre OMC
32%
1 Australia Buy Me a Pony Spiderbait
32%
2 USA Stinkfist Tool
32%
39 USA Novocaine for the Soul Eels
28%
56 USA Susan's House Eels
28%
14 USA Scooby Snacks Fun Lovin' Criminals
28%
6 Australia Pick You Up Powderfinger
28%
18 Australia D.A.F. Powderfinger
28%
32 Australia Living Type Powderfinger
28%
15 Australia Kong Foo Sing Regurgitator
27%
23 Australia I Sucked a Lot of Cock to Get Where I Am Regurgitator
27%
4 USA Pepper Butthole Surfers
25%
9 USA El Scorcho Weezer
25%
97 Australia Hail Caesar AC/DC
23%
21 USA Down in the Park Foo Fighters
23%
98 USA Professional Widow (Armand's Star Trunk Funkin' Mix) Tori Amos
23%
22 UK Oh Yeah Ash
21%
85 UK Goldfinger Ash
21%
76 UK In the Meantime Spacehog
20%
16 UK Spaceman Babylon Zoo
18%
73 USA Gold Dust Woman Hole
18%
48 USA Popular Nada Surf
17%
87 USA E-Bow the Letter R.E.M.
17%
26 UK Setting Sun The Chemical Brothers
15%
54 USA If I Could Talk I'd Tell You The Lemonheads
15%
50 USA Mach 5 The Presidents of the United States of America
14%
60 UK Hey Dude Kula Shaker
13%
10 UK You're Gorgeous Babybird
11%
67 Australia Everything Is Good for You Crowded House
11%
70 Australia Don't It Get You Down deadstar
11%
75 Australia Surf's Up Tonight Midnight Oil
11%
81 Australia Shut My Eyes The Superjesus
11%
59 Australia Silver Lizard Tumbleweed
11%
83 Australia Waking Up Tired Hoodoo Gurus
10%
57 Australia So Rude Rebecca's Empire
10%
80 Australia Soldiers You Am I
10%
84 Australia Good Mornin' You Am I
10%
79 Australia I Make Hamburgers The Whitlams
8%
68 Ireland Mission: Impossible Adam Clayton and Larry Mullen Jr.
6%
3 USA Underground Ben Folds Five
6%
72 Australia Punch in the Face Frenzal Rhomb
6%
11 USA Down 311
4%
8 USA Ballad of the Skeletons Allen Ginsberg
4%
63 USA Punk Rock Song Bad Religion
4%
65 USA Here in Your Bedroom Goldfinger
4%
82 USA Naked Eye Luscious Jackson
4%
86 Sweden Woman Neneh Cherry
4%
34 USA Mother Mother Tracy Bonham
4%
100 USA Gold to Me Ben Harper
3%
41 USA Whoever You Are Geggy Tah
3%
74 USA Lay Lady Lay Ministry
3%
36 USA Standing Outside a Broken Phone Booth with Money in My Hand Primitive Radio Gods
3%
31 UK Mah Nà Mah Nà Skin
3%
20 Australia Dogs Are the Best People The Fauves
3%
30 Australia Self Abuser The Fauves
3%
61 Australia I'll Be Your Majick Def FX
1%
42 Australia Coppertone Fini Scad
1%
93 UK All I Want Skunk Anansie
1%
89 Australia Cromagnon Man Snout
1%
64 Benin Wombo Lombo Angélique Kidjo
0%
91 UK Set the Controls Barry Adamson
0%
49 UK Pass the Vibes Definition of Sound
0%
95 Australia Creep Frank Bennett
0%
66 Australia What's Come Over Me Frente!
0%
88 Australia Grooving Hunting Party
0%
69 Australia Speculator Insurge
0%
96 Australia Ella's Uncle Matthew Trapnell
0%
92 Australia Thunder The Mavis's
0%
No matching quizzes found
Score Distribution
Percent of People with Each Score
Percentile by Number Answered
Your Score History
You have not taken this quiz